000 00667nam a2200241Ia 4500
003 OSt
005 20220918190544.0
006 a|||||r|||| 00| 0
007 ta
008 220917b |||||||| |||| 00| 0 eng d
024 _a57,663
037 _cTextual
040 _aARTS
_cARTS
_beng
041 _2eng
_aeng
082 _aP4461z, H1;2
100 _aKakati B K
_973082
245 0 _aAssamese
_b its formation and development
260 _aGauhati
_bDepartment of Historical and Antiquarian Studies
_c1941
300 _axxxii, 408p.
_ccm.
650 _aLINGUISTICS
942 _hP4461z, H1;2
_cTEXL
_2CC
999 _c185791
_d185791